Recycling up and landfill down latest figures reveal (Record no. 77893)
[ view plain ]
| 000 -LEADER | |
|---|---|
| fixed length control field | 01198cab a2200217 4500 |
| 001 - CONTROL NUMBER | |
| control field | ##L135437 |
| 008 - FIXED-LENGTH DATA ELEMENTS--GENERAL INFORMATION | |
| fixed length control field | 061026n2006 000 0 eng u |
| 035 ## - SYSTEM CONTROL NUMBER | |
| System control number | (Sirsi) u135437 |
| 041 0# - LANGUAGE CODE | |
| Language code of text/sound track or separate title | eng |
| 110 1# - MAIN ENTRY--CORPORATE NAME | |
| Corporate name or jurisdiction name as entry element | United Kingdom |
| Subordinate unit | Department for Environment, Food and Rural Affairs |
| 245 00 - TITLE STATEMENT | |
| Title | Recycling up and landfill down latest figures reveal |
| 260 ## - PUBLICATION, DISTRIBUTION, ETC. | |
| Date of publication, distribution, etc. | 2006 |
| 490 #0 - SERIES STATEMENT | |
| Series statement | DEFRA News Release |
| Volume/sequential designation | (439/06) 12 October 2006 |
| 520 ## - SUMMARY, ETC. | |
| Summary, etc. | Provisional figures published by DEFRA show that the government target to recycle and compost 25% of household waste in England by 2005/06 has been exceeded. Households in England recycled 27% of their waste during 2005/06, 4% more than in the previous year. All waste disposal authorities in England have met their limits for the first year of the Landfill Allowances Trading Scheme, helping to reduce the overall amount of waste sent to landfill. |
| 590 ## - LOCAL NOTE (RLIN) | |
| Local note | IKA311006 |
| 650 24 - SUBJECT ADDED ENTRY--TOPICAL TERM | |
| Topical term or geographic name entry element | LANDFILL ALLOWANCES TRADING SCHEME |
| 651 #4 - SUBJECT ADDED ENTRY--GEOGRAPHIC NAME | |
| Geographic name | England |
| Chronological subdivision | 886- |
| 690 ## - LOCAL SUBJECT ADDED ENTRY--TOPICAL TERM (OCLC, RLIN) | |
| Topical term or geographic name as entry element | ENVIRONMENTAL AND LAND CONSULTANCY-WASTE MANAGEMENT |
| 856 40 - ELECTRONIC LOCATION AND ACCESS | |
| Uniform Resource Identifier | <a href="https://www.defra.gov.uk/news/2006/061012a.htm">https://www.defra.gov.uk/news/2006/061012a.htm</a> |
| Public note | View the news release free of charge at www.defra.gov.uk... |
| 942 ## - ADDED ENTRY ELEMENTS (KOHA) | |
| Suppress in OPAC | 0 |
| Withdrawn status | Lost status | Source of classification or shelving scheme | Damaged status | Not for loan | Home library | Current library | Shelving location | Date acquired | Total Checkouts | Full call number | Barcode | Date last seen | Copy number | Price effective from | Koha item type |
|---|---|---|---|---|---|---|---|---|---|---|---|---|---|---|---|
| Dewey Decimal Classification | Virtual | Virtual | Online | 26/10/2006 | ONLINE PUBLICATION | 135437-2001 | 06/08/2019 | 1 | 06/08/2019 | Journal article |